000 00262nam a2200109Ia 4500
008 190216s9999||||xx |||||||||||||| ||und||
100 _aGupta Sk
245 0 _aText Book Of Angiosperm`S Taxonomy
260 _bKedernath Ramnath
_c1967
300 _a246p
942 _cBK
999 _c1318
_d1318